000 00415nam a2200145Ia 4500
008 231129s1999||||xx |||||||||||||| ||spa||
020 _a958-631-199-6
040 _bspa
082 _a307 R173p
100 _aRamirez Baracaldo Benjamin
245 0 _aPromoción de la comunidad y formas asociativas
260 _c1999
264 _aUniversidad Santo Tomas
942 _2ddc
_cBKS
999 _c23359
_d23359